000 00507nam a2200181 i 4500
001 81690
003 ES-MaACL
005 20240501063040.0
007 t|
008 041105s1906 fr ||||1| fre d
100 1 _aHuysmans, Joris-Karl,
_d1848-1907
_964869
245 1 4 _aLes foules de Lourdes /
_cJ.-K. Huysmans.
250 _a7ème ed.
260 _aParis :
_b[Emile Colin,
_c1906] (
_fImp. de Lagny)
300 _a314 p. ;
_c18 cm.
852 _aES-MaACL
_jB-2691
999 _c81690
_d81690